| 000 | 00483nam a22001697a 4500 | ||
|---|---|---|---|
| 005 | 20251108170942.0 | ||
| 008 | 250721s1990 xx 000 0 ara d | ||
| 082 | 1 | 4 | _aم/811.9565/حسيي |
| 100 | 1 | _aمحمود، حيدر | |
| 245 | 1 | 0 | _aالأعمال الشعرية الكاملة / |
| 264 | 1 |
_aعمان : _bمكتبة عمان، _c1990. |
|
| 300 | _a496ص | ||
| 650 | 1 | 7 | _aالشعر الأردني |
| 700 | 1 | _aمحمود، حسين | |
| 942 |
_2ddc _cREF |
||
| 999 |
_c52902 _d52902 |
||